1077 1529 1609 1722 1387 1391 1964 1708 1315 1603 1270 1556 1659 1420 1187 1780 1161 1112 1119 1033 1844 1638 1583 1097 1401 1073 1766 1960 1676 1794 1050 1127 1883 1982 1074 1508 1439 1726 1492 1922 1523 1564 1623 1714 1903 1161 1082 1164 1528 1967 1160 1520 1620 1622 1068 1004 1538 1882 1091 1459 1103 1948 1909 1150 1257 1038 1591 1016 1804 1322 1182 1465 1895 1880 1942 1982 1960 1230 1040 1304 1498 1715 1901 1299 1371 1577 1949 1272 1387 1831 1491 1373 1741 1318 1985 1078 1965 1571 1526 BCNSPRNW ULIB Ver.6.0+V

เปลี่ยนเป็นภาษาไทย

Change to English
 แสดงรายละเอียดบรรณานุกรม
  กลับหน้าหลัก

Brief Record : Get Marc (ISO 2709) : E-mail record : QR code < ปิดหน้าต่าง
LEADER : 00000nas 2200000uu 4500
001    13399125267
003     ULIB
008    161221s2559||||th 000 0 tha d
022 0  ^a2351020x
100 0  ^aอาจารย์อัจฉราวดี วงศ์สกุล
110 1  ^aมูลนิธิโนอิ้ง บุดด้า
245 00 ^aข้ามห้วงมหรรณพ
260    ^aกรุงเทพฯ:^bมูลนิธิโนอิ้ง บุดด้า
310    ^aรายสองเดือน
850 ^a ULIB^bปีที่ - ฉบับที่ 1 ฉ.1
945    ^p170^l0^i904251
999    ^aวรรณษา ชูชัยมงคล
รายการนี้ยังไม่มีแท็ก
คุณยังไม่ได้ล็อกอิน คุณสามารถมีกิจกรรมร่วมกับเว็บไซต์ได้ แต่ต้องล็อกอินก่อน ::
  ล็อกอิน

รายการสื่อสารสนเทศ (วารสาร)

ดูแบบ: กล่อง รายการ
ARRIVED
ปีที่ - ฉบับที่ 1 ฉ.1
สถานที่: ห้องสมุดวิทยาเขตสวรรค์ประชารักษ์ >หนังสือพิมพ์

BibComment


ยังไม่เคยถูกคอมเมนท์

คอมเมนท์ทรัพยากรรายการนี้
  คอมเมนท์: ข้ามห้วงมหรรณพ


 Copyright 2026. Bcnsprnw @Library